Mathematics and statistics for management / (Record no. 18955)

MARC details
000 -LEADER
fixed length control field 01064 a2200277 4500
005 - DATE AND TIME OF LATEST TRANSACTION
control field 2008092508118.0
008 - FIXED-LENGTH DATA ELEMENTS--GENERAL INFORMATION
fixed length control field 080925t xxu||||| |||| 00| 0 eng d
010 ## - LCCN (DPL NO)
LC control number ENG-91735
020 ## - INTERNATIONAL STANDARD BOOK NUMBER
International Standard Book Number 8125915311
Terms of availability 375.00
020 ## - INTERNATIONAL STANDARD BOOK NUMBER
International Standard Book Number 9788125915317
Terms of availability 375.00
035 ## - SYSTEM CONTROL NUMBER
System control number EN-75268
037 ## - SOURCE OF ACQUISITION
Source of stock number/acquisition DBAD / PUB
040 ## - CATALOGING SOURCE
Original cataloging agency dpl
Language of cataloging English
082 ## - DEWEY DECIMAL CLASSIFICATION NUMBER
Classification number 510.24658
100 ## - MAIN ENTRY--PERSONAL NAME
Personal name Akhilesh, K.B.
245 ## - TITLE STATEMENT
Title Mathematics and statistics for management /
Statement of responsibility, etc by K.B. Akhilesh [and] S. Balasubrahmanyam
260 ## - PUBLICATION, DISTRIBUTION, ETC. (IMPRINT)
Place of publication, distribution, etc New Delhi
Name of publisher, distributor, etc Vikas Publishing House
Date of publication, distribution, etc 2008(repr.).
270 ## - ADDRESS
Address 576, Masjid Road, Jangpura,
City New Delhi
Postal code 110014
300 ## - PHYSICAL DESCRIPTION
Extent xiv, 890p.
Dimensions 24cm (pbk )
500 ## - GENERAL NOTE
General note Includes bibliographical references
650 ## - SUBJECT ADDED ENTRY--TOPICAL TERM
Topical term or geographic name as entry element Business mathematics
650 ## - SUBJECT ADDED ENTRY--TOPICAL TERM
Topical term or geographic name as entry element Management
General subdivision Mathematics
700 ## - ADDED ENTRY--PERSONAL NAME
Personal name Balasubrahmanyam, S.
942 ## - ADDED ENTRY ELEMENTS (KOHA)
Institution code [OBSOLETE] dpl
Item type English Books
Source of classification or shelving scheme Dewey Decimal Classification
Call number suffix AKH
Classification part 510.24658
Holdings
Withdrawn status Lost status Source of classification or shelving scheme Damaged status Not for loan Collection code Home library Current library Date acquired Source of acquisition Cost, normal purchase price Total Checkouts Full call number Barcode Date last seen Copy number Cost, replacement price Koha item type
    Dewey Decimal Classification   Not For Loan Non-fiction D.B.Act.Division D.B.Act.Division 21/11/2008 DBAD / PUB 375.00   510.24658 AKH EN-75268 21/11/2008 1 375.00 English Books

© Delhi Public Library
Hit Counter
free hit counter